Nihon minzokugaku jiten /

Saved in:
Bibliographic Details
Main Author: Nakayama, Tarō.
Format: Book
Language:Japanese
Published: Tōkyō : Shōwa Shobō, Shōwa 8 [1933]
Subjects:
Tags: Add Tag
No Tags, Be the first to tag this record!
LEADER 00997nam a2200265 a 4500
001 007721122-7
005 20024617115958.0
008 900331s1933 ja a d 001 0 jpn d
035 0 |a ocm21308123 
040 |a CLU  |c CLU  |d WaU  |d *YNH*  |d CStRLIN 
100 1 |6 880-01  |a Nakayama, Tarō. 
245 1 0 |6 880-02  |a Nihon minzokugaku jiten /  |c Nakayama Tarō hen. 
260 |6 880-03  |a Tōkyō :  |b Shōwa Shobō,  |c Shōwa 8 [1933] 
300 |a 868, 53 p. :  |b ill. ;  |c 20 cm. 
500 |6 880-04  |a Vol. 2 has title: Hoi Nihon minzokugaku jiten. 
651 0 |a Japan  |x Ethnology  |x Dictionaries  |x Japanese. 
650 0 |a Folklore  |z Japan  |v Dictionaries. 
740 0 |6 880-05  |a Hoi Nihon minzokugaku jiten. 
880 1 |6 100-01  |a 中山太郎. 
880 1 0 |6 245-02  |a 日本民俗學辭典 /  |c 中山太郎編. 
880 |6 260-03  |a 東京 :  |b 昭和書房,  |c 昭和8 [1933] 
880 |6 500-04  |a Vol. 2 has title: 補遺日本民俗學辭典. 
880 0 |6 740-05  |a 補遺日本民俗學辭典. 
988 |a 20021214 
906 |0 OCLC